Normal view
MARC view
Entry Topical Term
001 - CONTROL NUMBER
- control field: 1968
003 - CONTROL NUMBER IDENTIFIER
- control field: PK-LaUMT
005 - DATE AND TIME OF LATEST TRANSACTION
- control field: 20240909103618.0
008 - FIXED-LENGTH DATA ELEMENTS
- fixed length control field: 240909|| aca||aabn | a|a d
040 ## - CATALOGING SOURCE
- Original cataloging agency: PK-LaUMT
- Transcribing agency: PK-LaUMT
150 ## - HEADING--TOPICAL TERM
- Topical term or geographic name as entry element: Stress psychology
670 ## - SOURCE DATA FOUND
- Source citation: Work cat.: (PK-LaUMT)135022: Usman, Muhammad 1943, Psychosocial stressors, work family conflict, mindfulness, and quality of life police personnel [M. Phil Psychology] /, 2023
